Glee trivia Quiz Stats

 Plays Quiz not verified by Sporcle

Challenge
Share
Tweet
Embed
Score 0/66 Timer 10:00
0 Plays Today
Hint Answer % Correct
What role on the football team does Kurt audition for?kicker
88.2%
Name one of the two characters who joins the Cheerios.Kurt
78.3%
Name one of the two girls Finn goes on a date with.Brittany
77.9%
Which guy tells the girls that they took pills?Kurt
77.2%
What does Finn and Quinn wear around school to seem cooler?sunglasses
76.8%
What happened to Burt?he had a heart attack
72.4%
What does Rachel give Jacob to keep Quinn's pregnancy article from being published?underwear
72.1%
What club does Rachel join to impress Finn? Celibacy Club
69.5%
Where did Rachel send Sunshine for her audition?crack house
69.1%
Who created the Glist?Quinn
68.8%
What did Mr. Schue put in Finn's locker to get him to join Glee Club?marijuana
66.5%
Who helps Rachel find out who her biological mother is?Jesse
66.5%
Who is the one New Directions member who didn't go to the hospital with Quinn?Rachel
65.4%
What rival show choir does Rachel's biological mom coach?Vocal Adrenaline
65.1%
Name one way that April influences the kids in a negative way.gives Kurt alcohol
64.7%
What is the name of the Vocal Adrenaline coach that the kids want to hire?Dakota Stanley
62.5%
Sue donated money for handicap ramps. How many?3
62.5%
Who replaces Finn for the competition?Jacob Ben Israel
61.4%
What food does Sue ban from school?tots
61%
Name one person Rachel went to prom with.Jesse
60.7%
Who is the coach of Sugar's Glee Club?Shelby
59.9%
Who wins the presidential election? Brittany
57.4%
Who played Riff Raff?Kurt
56.3%
What is the name of Brittany's internet talk show called?Fondue for Two
55.9%
What place at Nationals did they come in?12
55.5%
Who does Becky have a crush on?Artie
54.8%
What is Brittany's full name?Brittany Susan Pierce
54%
What weren't Brittany and Santana allowed to do in the school hallways?kiss
52.9%
Who does Rachel and Finn get to rejoin New Directions?Sam
52.6%
Who replaces Kurt in New Directions?Lauren Zizes
52.2%
Who does Finn out?Santana
51.5%
What did Blaine's texts to Kurt say?courage
50.7%
Where do Puck and Finn get a job to help pay for new cars for Vocal Adrenaline?Sheets and Things
50.4%
Hint Answer % Correct
How many original songs did not make it to Regionals?4
48.5%
What item is banned from prom?hair gel
47.8%
What is Mercedes' new boyfriend's name?Shane
47.4%
What is the football recruiter's name?Cooter
47.1%
Hairography is like cool......?epilepsy
46.3%
How many tries did Rachel get to sing the song correctly before her audition was over?2
45.2%
What is in the slushie thrown at Blaine?rock salt
44.5%
What did Brittany think Rory was?leprechaun
42.3%
Which character wants to have a baby?Sue
41.9%
What does Quinn want to rejoin?Cheerios
41.5%
What does Sue's mom do for a living?hunts Nazis
40.8%
What does Finn give Rachel for Christmas?pig
38.2%
Why was Matt absent this week?he had a spider in his ear
37.9%
After Tina hits her head, who does Quinn 'turn into?'Sugar
37.5%
What does the football team chant to distract the other team?brains
37.1%
What did Brittany post online, upsetting Santana?sex tape
36.8%
Where does Finn drive Rachel to?train station
36.4%
What is the name of the school yearbook?Thunderclap
34.2%
What does Emma mistake afternoon delight for?dessert
33.8%
Mike got an A- on a test. What subject was it?chemistry
33.5%
What group did Sam start?The Justin Bieber Experience
31.6%
What is the name of Santana and Karofsky's safety group called?Bully Whips
31.6%
Where is Senior Ditch Day spent?Six Flags
31.3%
What crime did Puck commit?stole an atm
30.1%
Santana had mono so many times it turned into.....?stereo
29.8%
What does Sam ask Santa for for Christmas?chapstick
27.2%
What is the 'guy from the CD store's' name?Chandler
22.4%
The episode is called laryngitis, but what does Rachel actually have?tonsillitis
17.6%
Who wins Teacher of the Year?Mr. Schuester
15.4%
What is Sue's group called?League of Doom
14%
What is the reason Kurt gives for setting up his dad with Finn's mom?they both have deceased spouses
9.2%
What is Rachel's party called?The Rachel Berry House Party Train wreck Extravaganza
8.5%
Where does Sue try to get the New Directions plane to land?Libya
8.5%

You're not logged in!

Compare scores with friends on all Sporcle quizzes.
OR
Log In

You Might Also Like...

Show Comments

Extras

Created Jul 6, 2012ReportNominate
Tags:episode, glee

Top Quizzes Today


Score Distribution

Your Account Isn't Verified!

In order to create a playlist on Sporcle, you need to verify the email address you used during registration. Go to your Sporcle Settings to finish the process.

Report this User

Report this user for behavior that violates our Community Guidelines.

Details: